Joueurs passés par le Bayern Munich - Mort subite - Statistiques

Statistiques générales
  • Ce quiz a été pris 1 872 fois
  • Le résultat moyen est 12 sur 20
Answers on the Grid
Answers color-coded by a green-red scale on the quiz's grid according to % correct below.
Thomas Müller
Mats Hummels
Alphonso Davies
Xabi Alonso
Oliver Kahn
Leroy Sané
Robert Lewandowski
Miroslav Klose
Franck Ribéry
Sadio Mané
Douglas Costa
Harry Kane
Grzegorz Krychowiak
Corentin Tolisso
Gerd Müller
Élber
Karl-Heinz Rummenigge
David Alaba
Arturo Vidal
Jamal Musiala
Juan Bernat
Karim Adeyemi
Alexis Sánchez
Vincent Kompany
Robin van Persie
Christian Vieri
Florian Wirtz
Kevin-Prince Boateng
Jan Koller
Mesut Özil
Mohamed Salah
David Ginola
 
Statistiques - réponses
Réponse % Correct
Franck Ribéry
69%
Jamal Musiala
68%
Robert Lewandowski
67%
Thomas Müller
67%
David Alaba
66%
Harry Kane
66%
Leroy Sané
66%
Alphonso Davies
64%
Arturo Vidal
63%
Oliver Kahn
63%
Sadio Mané
63%
Gerd Müller
62%
Xabi Alonso
62%
Corentin Tolisso
61%
Mats Hummels
59%
Douglas Costa
55%
Juan Bernat
50%
Miroslav Klose
47%
Karl-Heinz Rummenigge
43%
Élber
22%
Aucun quiz correspondant
Distribution des résultats
% des personnes avec chaque résultat
Percentile par nombre de réponses
Votre historique - résultats
Vous n’avez pas pris ce quiz